00994aam a2200301 a 4500999001500000001000900015003000600024005001700030008004100047010001300088020001500101040001800116082001800134092001900152100001700171245011100188246002400299260009800323300002700421490001800448500004900466500005100515650002800566650002000594700003300614800003300647942001200680 c4015d401521764463OCoLC20181128103303.0900227s1990 flu 000 0 eng  a90080938 a0939868040 aDLCcDLCdBSC a231.74bS534P a231.745bH228p1 aHamon, Bill.10aProphets and the prophetic movement /cby Bill Hamon ; forword by Gary Greenwald ; edited by Paul Thigpen.33aProphetic movement. aPoint Washington, FL :bChristian International ;aShippensburg, PA :bDestiny Image,cc1990. axiii, 227 p. ;c21 cm.1 aProphets ;v2 aTitle on t.p. verso: The prophetic movement. aSubtitle on cover: God's prophetic move today. 0aProphecyxChristianity. 0aPentecostalism.1 aThigpen, Thomas Paul,d1954-1 aHamon, Bill.tProphets ;v2. 2ddccBK